MARC

LEADER 00000nam0a2200000 4500
001 106868
005 20231031115049.0
020 |a RU 
035 |a (RuTPU)RU\TPU\book\115405 
090 |a 106868 
100 |a 20061214d1983 k y0rusy5003 ca 
101 0 |a rus 
102 |a RU 
105 |a y z 000zy 
200 1 |a Тихоокеанский регионализм: концепции и реальность  |f Институт востоковедения АН СССР; под ред. В.И. Иванова; В. А. Вревского 
210 |a Москва  |c Наука  |d 1983 
215 |a 262 с. 
610 1 |a международные отношения 
610 1 |a Тихоокеанский регион 
610 1 |a экономика 
610 1 |a АСЕАН 
686 |a У80  |2 rubbk 
702 1 |a Иванов  |b В.И.  |g Владимир Иванович  |4 340 
702 1 |a Вревский  |b В. А.  |4 340 
712 0 2 |a Академия наук СССР (АН СССР)  |b Институт востоковедения (ИВ)  |c (Москва)  |2 stltpush  |3 (RuTPU)RU\TPU\col\11263 
801 0 |a RU  |b RuMRKP  |c 19950704  |g psbo 
801 1 |a RU  |b 63413507  |c 20061214  |g PSBO 
801 2 |a RU  |b 63413507  |c 20080701  |g PSBO 
942 |c BK